000 00700nam a22002177a 4500
003 OSt
005 20260530113910.0
008 260421b2012 mx |||| |||| 00| 0 spa d
040 _aICI
_bspa
_cICI
050 _aF1234.Z37
_bP39 2012
100 _aPaz Solórzano, Octavio,
_eautor
_933326
245 _aEmilio Zapata /
_cOctavio Paz Solórzano ; prólogo de Octavio Paz
264 _aMéxico, D.F. :
_bFondo de Cultura Económica,
_c2012
300 _a231 páginas
_c17 cm.
336 _2rdacontent
_atexto
337 _2rdamedia
_asin medio
338 _2rdacarrier
_avolumen
490 _a Colección Popular ;
_v705
600 _aZapata, Emiliano
_d1879-1919
_vBiografía
_933327
942 _2lcc
_cBK
999 _c12111
_d12111